000 00400nam a2200157Ia 4500
003 LK-CoDNM
008 010623t1959 xxu||||| |||| 00| 1 eng d
040 _aLK-CoDNM
_dLK-CoDNM
_eLK-CoDNM
041 _aeng
080 _a39 (88)
_bMEA
100 _aMead,Margaret
245 _aGrowing Up In New Guinea
260 _bThe New American Library
_aNew York
_c1959
300 _b223p, 18 cm
942 _cBK
999 _c104899
_d104899